| 000 | 00723nam a22002415i 4500 | ||
|---|---|---|---|
| 001 | 12768 | ||
| 003 | ES-MaACL | ||
| 005 | 20250911062822.0 | ||
| 007 | t| | ||
| 008 | 920204s1991 sp ||||0| spa j | ||
| 020 | _a84-7522-265-X | ||
| 040 |
_aM-BN _bspa _cM-BN |
||
| 080 | _a860(82)-14"19" | ||
| 100 | 1 |
_aFernández, Macedonio. _949401 |
|
| 245 | 1 | 0 |
_aPoesías completas / _cMacedonio Fernández ; edic. de Carmen de Mora. |
| 260 |
_aMadrid : _bVisor Libros, _c1991. |
||
| 300 |
_a74 p. ; _c20 cm. |
||
| 490 | 1 |
_aColección Visor de poesía ; _v265 |
|
| 700 | 1 |
_aMora, Carmen de. _982850 |
|
| 830 | 0 |
_aColección Visor de poesía _v265 _9177331 |
|
| 852 |
_aES-MaACL _jL-19939 _bR.121730 |
||
| 999 |
_c12768 _d12768 |
||